|
|
|
|
| LEADER |
00953nam a2200229 a 4500 |
| 001 |
GR-Antirio724 |
| 008 |
090506s1991 cau b 001 0 eng|c |
| 020 |
|
|
|a 0805360409
|
| 040 |
|
|
|a GrPaTEI
|b gre
|c GR-PaULI
|
| 082 |
|
0 |
|a 005.74
|2 21
|
| 100 |
0 |
|
|a McFadden, Fred R.,
|d 1933-
|
| 245 |
1 |
0 |
|a Database management /
|c Fred R. McFadden, Jeffrey A. Hoffer.
|
| 250 |
|
|
|a 3rd ed.
|
| 260 |
|
|
|a Redwood City, Calif. :
|b Benjamin/Cummings Pub. Co.,
|c c1991.
|
| 300 |
|
|
|a xxxiii, 723 σ. :
|b εικ. ;
|c 25 εκ.
|
| 504 |
|
|
|a Περιλαμβάνει βιβλιογραφίες και ευρετήριο.
|
| 650 |
|
0 |
|a Database management.
|
| 700 |
0 |
|
|a Hoffer, Jeffrey A.
|
| 942 |
|
|
|2 ddc
|
| 952 |
|
|
|0 0
|1 0
|2 ddc
|4 0
|6 005_740000000000000_MCF
|7 0
|9 262097
|a LISK-2
|b LISK-2
|c BSC
|d 2021-01-17
|e 24
|f 0
|g 0.00
|l 0
|o 005.74 MCF
|p 2430000007116
|r 2021-01-17 00:00:00
|t 1
|w 2021-01-17
|y BK15
|x 20090506 0 1
|x GrPaTEI - Antirrio
|
| 971 |
|
|
|a .b25705234
|b 15-04-20
|c 12-09-16
|
| 999 |
|
|
|c 151165
|d 151165
|